00653nam a2200169Ia 4500008004100000100002100041245013000062245008500192260003900277260000900316300002700325440005600352650002300408650001600431650001500447650002100462170510s9999 xx 000 0 und d aBahns, Angela J. aSimilarity in relationships as niche construction: Choice, stability, and influence within dyads in a free choice environment cBahns, Angela J.; Crandall, Christian S.; Gillath, Omri; Preacher, Kristopher J. bAmerican Psychological Association c2017 apages 329-355,February aJournal of Personality and Social Psychologyv112:2 aNiche construction aPersonality aSimilarity aSocial influence